000
00287nam a2200097Ia 4500
001
642127
005
20250826153520.0
008
250824s9999 xx 000 0 und d
245
0
_a
PROFESÖR Pİ İLE MATEMATİK 10 ŞEKİL ŞEKİL TUHAFLIKLAR
_c
BİRSEN EKİM ÖZEN
260
_b
TİMAŞ ÇOCUK
999
_c
642127
_d
642127